000 00555nas a2200193 a 4500
001 000037423
003 DO-SdBNP
005 20240822122126.0
008 120410c19369999dr ar1p dd 0 0spa d
040 _aDO-SdBNP
_bspa
_cBNPHU
082 _axxx
_bxxxx
222 2 _aAnuario
245 0 0 _aAnuario estadístico de la República Dominicana del año 1936.
260 _aCiudad Trujillo, República Dominicana :
_b[Oficina Nacional de Estadísticas (ONE) ].
300 _av. - :
_bil., mapas.
310 _aAnual
362 1 _a1936
942 _2ddc
_cISSUE
999 _c36913
_d36913